Comprometidos con Cristo 2: libro del joven

Saved in:
Bibliographic Details
Main Author: Cáceres C., Eduardo (Author)
Format: Book
Language:Spanish
Published: Santiago Arzobispado de Santiago 1985
Edition:2a. ed
Subjects:
Tags: Add Tag
No Tags, Be the first to tag this record!

MARC

LEADER 00000nam a2200000 a 4500
001 UCL3769
003 CL-VaPUC
008 031212e19850000CL |||||||||||||||||spa|d
082 0 4 |a 265.2  |b CAC  |2 21 
100 0 |a Cáceres C., Eduardo  |e author  |9 481169 
245 1 0 |a Comprometidos con Cristo 2: libro del joven 
250 |a 2a. ed 
300 |a 118 p 
942 |c BK 
945 |d 20031212 00:00:00  |a vberengu 
260 |a Santiago  |b Arzobispado de Santiago  |c 1985 
650 0 |a Confirmación   |9 255060 
650 0 |a Catequesis  |9 314526 
650 0 |a Libros de texto  |9 270019 
650 0 |a Sacramentos   |9 257270 
583 |a last modification  |c 20031212 00:00:00  |k Rodrigo Vera 
999 |c 306776  |d 306774 
952 |0 0  |1 0  |4 0  |6 265_200000000000000_CAC_1985  |7 0  |8 A  |9 372056  |a BIBTEO  |b BIBTEO  |d 2019-11-21  |i 209732K  |o 265.2 CAC 1985  |p 209732K  |r 2019-11-21  |w 2019-11-21  |y BK  |k ICR